|
|
|
|
| LEADER |
01482nam/a2200325/a/4500 |
| 001 |
18083 |
| 003 |
BD-DhAAL |
| 008 |
090330s2003 maua 001 0 eng d |
| 999 |
|
|
|c 43
|d 43
|
| 010 |
|
|
|a 2002070988
|
| 020 |
|
|
|a 0073660094
|
| 020 |
|
|
|a 0071121935
|
| 020 |
|
|
|a 0070530394
|
| 040 |
|
|
|a DLC
|c DLC
|d DLC
|d BD-DhAAL
|
| 082 |
0 |
0 |
|a 621.31042
|2 21
|
| 100 |
1 |
|
|a Fitzgerald, A. E.
|q (Arthur Eugene),
|d 1909-
|9 41181
|
| 245 |
1 |
0 |
|a Electric machinery /
|c A.E. Fitzgerald, Charles Kingsley, Jr., Stephen D. Umans.
|
| 250 |
|
|
|a Sixth edition
|
| 260 |
|
|
|a Boston, Mass. :
|b McGraw-Hill,
|c c2003.
|
| 300 |
|
|
|a xv, 688 pages :
|b illustrations ;
|c 24 cm.
|
| 490 |
1 |
|
|a McGraw-Hill series in electrical engineering.
|
| 541 |
1 |
|
|e 18083, 18084, 18085
|
| 650 |
|
0 |
|a Electric machinery.
|9 41182
|
| 700 |
1 |
|
|a Kingsley, Charles,
|d 1904-1994.
|9 41183
|
| 700 |
1 |
|
|a Umans, Stephen D.
|9 41184
|
| 852 |
|
|
|a Ayesha Abed Library
|j General Stacks
|
| 942 |
0 |
0 |
|0 2
|2 ddc
|c BK
|
| 952 |
|
|
|0 0
|1 0
|2 ddc
|4 0
|6 621_310420000000000_FIT_2009
|7 1
|9 40
|a BRACUL
|b BRACUL
|c GEN
|d 2009-04-28
|g 469.00
|l 3
|m 18
|o 621.31042 FIT
|p 3010018083
|r 2015-10-08
|s 2015-09-17
|t 1
|w 2009-04-28
|y BK
|
| 952 |
|
|
|0 0
|1 0
|2 ddc
|4 0
|6 621_310420000000000_FIT_2009
|7 0
|9 11523
|a BRACUL
|b BRACUL
|c GEN
|d 2010-07-04
|l 5
|m 10
|o 621.31042 FIT
|p 3010018084
|r 2024-07-03
|s 2024-06-26
|t 2
|w 2010-07-04
|y BK
|
| 952 |
|
|
|0 0
|1 0
|2 ddc
|4 0
|6 621_310420000000000_FIT_2009
|7 0
|9 11524
|a BRACUL
|b BRACUL
|c GEN
|d 2010-07-04
|l 10
|m 45
|o 621.31042 FIT
|p 3010018085
|r 2025-11-05
|s 2025-11-05
|t 3
|w 2010-07-04
|y BK
|